<?xml version="1.0" encoding="UTF-8"?>
<record
    xmlns:xsi="http://www.w3.org/2001/XMLSchema-instance"
    xsi:schemaLocation="http://www.loc.gov/MARC21/slim http://www.loc.gov/standards/marcxml/schema/MARC21slim.xsd"
    xmlns="http://www.loc.gov/MARC21/slim">

  <leader>02775nam0a2200397   4500</leader>
  <controlfield tag="001">RU\NLR\bibl\1665794</controlfield>
  <controlfield tag="005">20250616042715.0</controlfield>
  <datafield tag="010" ind1=" " ind2=" ">
    <subfield code="a">978-5-86775-571-3</subfield>
    <subfield code="9">10000</subfield>
  </datafield>
  <datafield tag="021" ind1=" " ind2=" ">
    <subfield code="a">RU</subfield>
    <subfield code="b">2010-54552</subfield>
    <subfield code="9">3585</subfield>
  </datafield>
  <datafield tag="035" ind1=" " ind2=" ">
    <subfield code="a">(nilc)RU\NLR\bibl\1354751</subfield>
  </datafield>
  <datafield tag="035" ind1=" " ind2=" ">
    <subfield code="a">KML\BIBL\0000017697</subfield>
  </datafield>
  <datafield tag="035" ind1=" " ind2=" ">
    <subfield code="a">(NLR Aleph) 001657069</subfield>
  </datafield>
  <datafield tag="090" ind1=" " ind2=" ">
    <subfield code="a">957975</subfield>
    <subfield code="c">957975</subfield>
  </datafield>
  <datafield tag="100" ind1=" " ind2=" ">
    <subfield code="a">20090409d2008    |||y0rusy50      ca</subfield>
  </datafield>
  <datafield tag="101" ind1="0" ind2=" ">
    <subfield code="a">rus</subfield>
  </datafield>
  <datafield tag="102" ind1=" " ind2=" ">
    <subfield code="a">RU</subfield>
  </datafield>
  <datafield tag="105" ind1=" " ind2=" ">
    <subfield code="a">a   |||||||||</subfield>
  </datafield>
  <datafield tag="200" ind1="1" ind2=" ">
    <subfield code="a">&#x41A;&#x430;&#x440;&#x442;&#x438;&#x43D;&#x43A;&#x438; &#x438;&#x433;&#x440;&#x430;&#x44E;&#x442; &#x432; &#x43F;&#x440;&#x44F;&#x442;&#x43A;&#x438;</subfield>
    <subfield code="e">[&#x445;&#x443;&#x434;&#x43E;&#x436;&#x435;&#x441;&#x442;&#x432;&#x435;&#x43D;&#x43D;&#x44B;&#x439; &#x430;&#x43B;&#x44C;&#x431;&#x43E;&#x43C; &#x434;&#x43B;&#x44F; &#x437;&#x430;&#x43D;&#x44F;&#x442;&#x438;&#x439; &#x441; &#x434;&#x435;&#x442;&#x44C;&#x43C;&#x438; 3-5 &#x43B;&#x435;&#x442;</subfield>
    <subfield code="e">&#x434;&#x43B;&#x44F; &#x447;&#x442;&#x435;&#x43D;&#x438;&#x44F; &#x432;&#x437;&#x440;&#x43E;&#x441;&#x43B;&#x44B;&#x43C;&#x438; &#x434;&#x435;&#x442;&#x44F;&#x43C;</subfield>
    <subfield code="f">&#x430;&#x432;&#x442;. &#x43C;&#x435;&#x442;&#x43E;&#x434;&#x438;&#x43A;&#x438;: &#x415;. &#x410;. &#x42F;&#x43D;&#x443;&#x448;&#x43A;&#x43E;]</subfield>
  </datafield>
  <datafield tag="210" ind1=" " ind2=" ">
    <subfield code="a">&#x41C;&#x43E;&#x441;&#x43A;&#x432;&#x430;</subfield>
    <subfield code="c">&#x41C;&#x43E;&#x437;&#x430;&#x438;&#x43A;&#x430;-&#x421;&#x438;&#x43D;&#x442;&#x435;&#x437;</subfield>
    <subfield code="d">2008</subfield>
  </datafield>
  <datafield tag="215" ind1=" " ind2=" ">
    <subfield code="a">16, [1] &#x441;.</subfield>
    <subfield code="c">&#x446;&#x432;. &#x438;&#x43B;.</subfield>
    <subfield code="d">22&#x445;29</subfield>
  </datafield>
  <datafield tag="225" ind1="1" ind2=" ">
    <subfield code="a">&#x41C;&#x430;&#x43B;&#x435;&#x43D;&#x44C;&#x43A;&#x438;&#x439; &#x445;&#x443;&#x434;&#x43E;&#x436;&#x43D;&#x438;&#x43A;</subfield>
    <subfield code="e">&#x437;&#x430;&#x43D;&#x44F;&#x442;&#x438;&#x44F; &#x441; &#x434;&#x435;&#x442;&#x44C;&#x43C;&#x438; &#x43E;&#x442; 3 &#x434;&#x43E; 5 &#x43B;&#x435;&#x442;</subfield>
  </datafield>
  <datafield tag="330" ind1=" " ind2=" ">
    <subfield code="a">&#x421;&#x435;&#x440;&#x438;&#x44F; &#x430;&#x43B;&#x44C;&#x431;&#x43E;&#x43C;&#x43E;&#x432; "&#x41C;&#x430;&#x43B;&#x435;&#x43D;&#x44C;&#x43A;&#x438;&#x439; &#x445;&#x443;&#x434;&#x43E;&#x436;&#x43D;&#x438;&#x43A;" &#x43F;&#x440;&#x435;&#x434;&#x43D;&#x430;&#x437;&#x43D;&#x430;&#x447;&#x435;&#x43D;&#x430; &#x434;&#x43B;&#x44F; &#x437;&#x430;&#x43D;&#x44F;&#x442;&#x438;&#x439; &#x441; &#x434;&#x435;&#x442;&#x44C;&#x43C;&#x438; 3-5 &#x43B;&#x435;&#x442;. &#x417;&#x430;&#x43D;&#x44F;&#x442;&#x438;&#x44F; &#x43F;&#x43E; &#x44D;&#x442;&#x438;&#x43C; &#x430;&#x43B;&#x44C;&#x431;&#x43E;&#x43C;&#x430;&#x43C; &#x43F;&#x440;&#x438;&#x43E;&#x431;&#x449;&#x430;&#x44E;&#x442; &#x43C;&#x430;&#x43B;&#x44B;&#x448;&#x435;&#x439; &#x43A; &#x43C;&#x438;&#x440;&#x443; &#x43F;&#x440;&#x435;&#x43A;&#x440;&#x430;&#x441;&#x43D;&#x43E;&#x433;&#x43E;, &#x440;&#x430;&#x437;&#x432;&#x438;&#x432;&#x430;&#x44E;&#x442; &#x442;&#x432;&#x43E;&#x440;&#x447;&#x435;&#x441;&#x43A;&#x438;&#x435; &#x441;&#x43F;&#x43E;&#x441;&#x43E;&#x431;&#x43D;&#x43E;&#x441;&#x442;&#x438;, &#x444;&#x43E;&#x440;&#x43C;&#x438;&#x440;&#x443;&#x44E;&#x442; &#x44D;&#x441;&#x442;&#x435;&#x442;&#x438;&#x447;&#x435;&#x441;&#x43A;&#x438;&#x439; &#x432;&#x43A;&#x443;&#x441;, &#x43F;&#x43E;&#x437;&#x432;&#x43E;&#x43B;&#x44F;&#x44E;&#x442; &#x43E;&#x449;&#x443;&#x442;&#x438;&#x442;&#x44C; &#x433;&#x430;&#x440;&#x43C;&#x43E;&#x43D;&#x438;&#x44E; &#x43E;&#x43A;&#x440;&#x443;&#x436;&#x430;&#x44E;&#x449;&#x435;&#x433;&#x43E; &#x43C;&#x438;&#x440;&#x430;. &#x41A;&#x430;&#x436;&#x434;&#x44B;&#x439; &#x432;&#x44B;&#x43F;&#x443;&#x441;&#x43A; - &#x44D;&#x442;&#x43E; &#x43A;&#x440;&#x430;&#x441;&#x43E;&#x447;&#x43D;&#x44B;&#x439; &#x430;&#x43B;&#x44C;&#x431;&#x43E;&#x43C;, &#x43F;&#x440;&#x435;&#x434;&#x441;&#x442;&#x430;&#x432;&#x43B;&#x44F;&#x44E;&#x449;&#x438;&#x439; &#x441;&#x43E;&#x431;&#x43E;&#x439; &#x446;&#x438;&#x43A;&#x43B; &#x437;&#x430;&#x43D;&#x44F;&#x442;&#x438;&#x439; &#x43F;&#x43E; &#x43E;&#x43F;&#x440;&#x435;&#x434;&#x435;&#x43B;&#x435;&#x43D;&#x43D;&#x43E;&#x439; &#x442;&#x435;&#x43C;&#x435; &#x441; &#x438;&#x433;&#x440;&#x43E;&#x432;&#x44B;&#x43C;&#x438;, &#x43F;&#x43E;&#x434;&#x440;&#x43E;&#x431;&#x43D;&#x43E; &#x438;&#x43B;&#x43B;&#x44E;&#x441;&#x442;&#x440;&#x438;&#x440;&#x43E;&#x432;&#x430;&#x43D;&#x43D;&#x44B;&#x43C;&#x438; &#x437;&#x430;&#x434;&#x430;&#x43D;&#x438;&#x44F;&#x43C;&#x438; &#x434;&#x43B;&#x44F; &#x434;&#x435;&#x442;&#x435;&#x439; &#x438; &#x43C;&#x435;&#x442;&#x43E;&#x434;&#x438;&#x447;&#x435;&#x441;&#x43A;&#x438;&#x43C;&#x438; &#x440;&#x435;&#x43A;&#x43E;&#x43C;&#x435;&#x43D;&#x434;&#x430;&#x446;&#x438;&#x44F;&#x43C;&#x438; &#x434;&#x43B;&#x44F; &#x43F;&#x435;&#x434;&#x430;&#x433;&#x43E;&#x433;&#x43E;&#x432; &#x438; &#x440;&#x43E;&#x434;&#x438;&#x442;&#x435;&#x43B;&#x435;&#x439;. &#x418;&#x437;&#x434;&#x430;&#x43D;&#x438;&#x435; &#x43F;&#x43E;&#x43C;&#x43E;&#x436;&#x435;&#x442; &#x440;&#x43E;&#x434;&#x438;&#x442;&#x435;&#x43B;&#x44F;&#x43C;, &#x432;&#x43E;&#x441;&#x43F;&#x438;&#x442;&#x430;&#x442;&#x435;&#x43B;&#x44F;&#x43C;, &#x433;&#x443;&#x432;&#x435;&#x440;&#x43D;&#x435;&#x440;&#x430;&#x43C; &#x43E;&#x440;&#x433;&#x430;&#x43D;&#x438;&#x437;&#x43E;&#x432;&#x430;&#x442;&#x44C; &#x438;&#x43D;&#x442;&#x435;&#x440;&#x435;&#x441;&#x43D;&#x44B;&#x435; &#x440;&#x430;&#x437;&#x432;&#x438;&#x432;&#x430;&#x44E;&#x449;&#x438;&#x435; &#x437;&#x430;&#x43D;&#x44F;&#x442;&#x438;&#x44F; &#x441; &#x43C;&#x430;&#x43B;&#x435;&#x43D;&#x44C;&#x43A;&#x438;&#x43C;&#x438; &#x434;&#x435;&#x442;&#x44C;&#x43C;&#x438; &#x441; &#x443;&#x447;&#x435;&#x442;&#x43E;&#x43C; &#x438;&#x445; &#x432;&#x43E;&#x437;&#x440;&#x430;&#x441;&#x442;&#x43D;&#x44B;&#x445; &#x438; &#x438;&#x43D;&#x434;&#x438;&#x432;&#x438;&#x434;&#x443;&#x430;&#x43B;&#x44C;&#x43D;&#x44B;&#x445; &#x432;&#x43E;&#x437;&#x43C;&#x43E;&#x436;&#x43D;&#x43E;&#x441;&#x442;&#x435;&#x439;.</subfield>
  </datafield>
  <datafield tag="606" ind1="1" ind2=" ">
    <subfield code="a">&#x414;&#x43E;&#x448;&#x43A;&#x43E;&#x43B;&#x44C;&#x43D;&#x438;&#x43A;&#x438;</subfield>
    <subfield code="x">&#x41E;&#x431;&#x443;&#x447;&#x435;&#x43D;&#x438;&#x435; &#x430;&#x43F;&#x43F;&#x43B;&#x438;&#x43A;&#x430;&#x446;&#x438;&#x438;</subfield>
    <subfield code="9">2344382</subfield>
    <subfield code="3">RU\NLR\AUTH\661401072</subfield>
  </datafield>
  <datafield tag="686" ind1=" " ind2=" ">
    <subfield code="a">&#x427;411.355.82</subfield>
    <subfield code="2">rubbk</subfield>
  </datafield>
  <datafield tag="686" ind1=" " ind2=" ">
    <subfield code="a">0413</subfield>
    <subfield code="a">&#x41E;&#x431;&#x443;&#x447;&#x435;&#x43D;&#x438;&#x435; &#x432; &#x434;&#x43E;&#x448;&#x43A;&#x43E;&#x43B;&#x44C;&#x43D;&#x43E;&#x43C; &#x432;&#x43E;&#x437;&#x440;&#x430;&#x441;&#x442;&#x435;</subfield>
    <subfield code="2">TCC-BG</subfield>
  </datafield>
  <datafield tag="686" ind1=" " ind2=" ">
    <subfield code="a">0781</subfield>
    <subfield code="a">&#x414;&#x435;&#x442;&#x441;&#x43A;&#x43E;&#x435; &#x438;&#x437;&#x43E;&#x431;&#x440;&#x430;&#x437;&#x438;&#x442;&#x435;&#x43B;&#x44C;&#x43D;&#x43E;&#x435; &#x438;&#x441;&#x43A;&#x443;&#x441;&#x441;&#x442;&#x432;&#x43E;</subfield>
    <subfield code="2">TCC-BG</subfield>
  </datafield>
  <datafield tag="686" ind1="1" ind2=" ">
    <subfield code="a">&#x427;411.355.82</subfield>
  </datafield>
  <datafield tag="702" ind1=" " ind2="1">
    <subfield code="a">&#x42F;&#x43D;&#x443;&#x448;&#x43A;&#x43E;</subfield>
    <subfield code="b">&#x415;. &#x410;.</subfield>
    <subfield code="g">&#x415;&#x43B;&#x435;&#x43D;&#x430; &#x410;&#x43B;&#x44C;&#x431;&#x438;&#x43D;&#x43E;&#x432;&#x43D;&#x430;</subfield>
    <subfield code="4">570</subfield>
  </datafield>
  <datafield tag="801" ind1=" " ind2="0">
    <subfield code="a">RU</subfield>
    <subfield code="b">NLR</subfield>
    <subfield code="c">20090409</subfield>
    <subfield code="g">RCR</subfield>
  </datafield>
  <datafield tag="801" ind1=" " ind2="1">
    <subfield code="a">RU</subfield>
    <subfield code="b">NLR</subfield>
    <subfield code="c">20090409</subfield>
  </datafield>
  <datafield tag="801" ind1=" " ind2="2">
    <subfield code="a">RU</subfield>
    <subfield code="b">&#x41D;&#x411;&#x420; &#x41A;&#x43E;&#x43C;&#x438;</subfield>
    <subfield code="c">20100825</subfield>
  </datafield>
  <datafield tag="801" ind1=" " ind2="2">
    <subfield code="a">RU</subfield>
    <subfield code="b">NLR</subfield>
    <subfield code="c">20100820</subfield>
    <subfield code="g">rcr</subfield>
  </datafield>
  <datafield tag="942" ind1=" " ind2=" ">
    <subfield code="c">BOOK</subfield>
  </datafield>
  <datafield tag="980" ind1=" " ind2=" ">
    <subfield code="a">NB</subfield>
  </datafield>
  <datafield tag="995" ind1=" " ind2=" ">
    <subfield code="5">2010-08-20</subfield>
    <subfield code="a">ad</subfield>
    <subfield code="b">NLR01</subfield>
    <subfield code="c">NLR01</subfield>
    <subfield code="e">RF8</subfield>
    <subfield code="f">3232666</subfield>
    <subfield code="k">2010-8/2472</subfield>
    <subfield code="o">0</subfield>
    <subfield code="r">BOOK</subfield>
    <subfield code="s">201082472_</subfield>
  </datafield>
  <datafield tag="995" ind1=" " ind2=" ">
    <subfield code="5">2010-08-20</subfield>
    <subfield code="a">ad</subfield>
    <subfield code="b">NLR01</subfield>
    <subfield code="c">NLR01</subfield>
    <subfield code="e">OBM</subfield>
    <subfield code="f">3232667</subfield>
    <subfield code="o">0</subfield>
    <subfield code="r">BOOK</subfield>
  </datafield>
</record>
